000 00806nam a22002057a 4500
005 20150109141334.0
008 150109b2011 pe || |r|||| 00| 0 spa d
040 _aCO-BoIAVH
_cCO-BoIAVH
041 _aspa
044 _ape
090 _aEA
_b00244
110 _aPerú
_bUnión Internacional para la Conservación de la Naturaleza-UICN
_931302
245 _a¿Cómo se realiza el Despacho, Transporte y Comercialización de Madera? :
_bGuía N° 3
260 _aLima :
_bUnión Internacional para la Conservación de la Naturaleza-UICN,
_bMinisterio de Asuntos Interiores y de Cooperación-AECID,
_c2011.
300 _a40 pag
_b Il.
_c25 cm
650 _aMadera
_xIndustria de la madera
_931303
650 _aMadera
_xControl social
_931304
650 _aMadera
_xAspectos ambientales
_931305
942 _2z
_cLIBRO
999 _c8951
_d8951